ՀՀ Գիտությունների ազգային ակադեմիայի հիմնարար գիտական գրադարան  =   Fundamental Scientific Library of NAS RA

Автоматизация и электрификация защищенного грунта : (Record no. 86527)

MARC details
000 -LEADER
fixed length control field 00709nam a2200205 u 4500
001 - CONTROL NUMBER
control field 000243563
003 - CONTROL NUMBER IDENTIFIER
control field AM-YeHGA
005 - DATE AND TIME OF LATEST TRANSACTION
control field 20250617124832.0
008 - FIXED-LENGTH DATA ELEMENTS--GENERAL INFORMATION
fixed length control field 030704s1976 ai r 000 0 rus d
040 ## - CATALOGING SOURCE
Original cataloging agency AM-YeHGA
090 ## - LOCALLY ASSIGNED LC-TYPE CALL NUMBER (OCLC); LOCAL CALL NUMBER (RLIN)
-- 87810
245 00 - TITLE STATEMENT
Title Автоматизация и электрификация защищенного грунта :
Remainder of title Научные труды /
Statement of responsibility, etc. ВИЭСХ; Под ред. Л.Г. Прищепа.
260 ## - PUBLICATION, DISTRIBUTION, ETC.
Place of publication, distribution, etc. Москва :
Name of publisher, distributor, etc. Колос,
Date of publication, distribution, etc. 1976.
300 ## - PHYSICAL DESCRIPTION
Extent 320 с.
504 ## - BIBLIOGRAPHY, ETC. NOTE
Bibliography, etc. note Библиогр.: 86 назв.
653 2# - INDEX TERM--UNCONTROLLED
Uncontrolled term Электроэнергия
653 2# - INDEX TERM--UNCONTROLLED
Uncontrolled term Овощеводство
700 1# - ADDED ENTRY--PERSONAL NAME
Personal name Прищепа, Л.Г.
Relator term ред.
Relationship edt
710 2# - ADDED ENTRY--CORPORATE NAME
Corporate name or jurisdiction name as entry element ВИЭСХ
Holdings
Withdrawn status Lost status Damaged status Not for loan Collection Home library Current library Date acquired Total checkouts Full call number Barcode Date last seen Price effective from Koha item type Public note
        General Fundamental Scientific Library Fundamental Scientific Library 22/12/2016   РII/390606 FL0384453 22/12/2016 22/12/2016 Գրքեր / Books 30 Days Loan


ՀՀ ԳԱԱ հիմնարար գիտական գրադարան
ՀՀ,Երևան 0019
Մարշալ Բաղրամյան 24/6
հեռախոս:(374-10) 52-47-50
Հետադարձ կապ

All site content, except where otherwise noted, is licensed under a
Creative Commons License